Statistiken für Allgemeinwissen

Klicken Sie hier um das Quiz zu spielen!

Allgemein

  • Dieses Quiz wurde 2.766 mal gespielt
    (2.657 seit der letzten Aktualisierung)
  • Das Durchschnittsergebnis liegt bei 36 aus 52

Antwortstatistiken

FrageAntwort% Korrekt
Wie oft wurde Deutschland Fußballweltmeister?4
94%
Leben Pinguine am Nord- oder Südpol?Südpol
93%
In welchem Jahr endete der zweite Weltkrieg?1945
90%
Wie viele Saiten hat eine Gitarre?6
90%
Wie viele Stadtstaaten hat Deutschland?3
89%
Wie viele Spieler hat eine Basketballmannschaft?5
89%
In welcher Stadt steht das Brandenburger Tor?Berlin
88%
In welchem Jahr begann der Zweite Weltkrieg?1939
87%
Wie viele Nachbarländer hat die BRD?9
86%
Wie heißt die Hauptstadt von Polen?Warschau
86%
In welchem Jahr fiel die Berliner Mauer?1989
85%
Wer ist Bundeskanzler von Deutschland?Angela Merkel
85%
Leben wir im so genannten "Abendland" oder im "Morgenland"?Abendland
84%
Welcher Ozean liegt zwischen Europa und Amerika?Atlantischer Ozean
84%
In welchem Land ist der Dudelsack Nationalinstrument?Schottland
84%
Welcher Europäer entdeckte Amerika?Christoph Kolumbus
83%
Welcher Ozean liegt zwischen den USA und Russland?Pazifischer Ozean
83%
Welcher ist der höchste Berg Deutschlands?Zugspitze
82%
Welches Tier benötigt man für die Sportart Polo?Pferd
80%
Wie heißt die berühmte Radrundfahrt durch Frankreich?Tour de France
80%
Welcher Fluss, der auch durch Deutschland fließt, ist der längste?Donau
79%
Wie heißt der längste Fluss der Welt?Amazonas
78%
Wofür steht die Abkürzung "DDR"?Deutsche Demokratische Republik
78%
Auf welches Land wurde erstmals eine Atombombe abgeworfen?Japan
78%
In welcher Sportart ist der Schweizer Roger Federer der beste Spieler aller Zeiten?Tennis
75%
Welches Gewässer liegt zwischen Europa und Afrika?Mittelmeer
74%
Wie hieß der erste Bundeskanzler der Bundesrepublik Deutschland?Konrad Adenauer
72%
Wie nennt man eine Stelle in der Wüste, an der Vegetation und Wasser vorkommen?Oase
72%
Was ist die höchste erreichbare Punktzahl, die man beim Dartspiel mit einem Wurf erzielen kann?60
70%
Wie heißt unser Bundespräsident?Frank Walter Steinmeier
70%
Welches ist das nördlichste Bundesland Deutschlands?Schleswig-Holstein
70%
Wann wurde Deutschland zum ersten Mal Fußballweltmeister?1954
69%
In welchem Jahr fand die erste Mondlandung statt?1969
68%
Wie nannten die Römer die Kämpfer, die das Volk in der Arena unterhielten?Gladiatoren
68%
Wie viele Mitgliedstaaten hat die Europäische Union?28
65%
Welcher Terrorist war verantwortlich für den Anschlag auf das World Trade Center am 11.09.2001.Osama bin Laden
65%
Wofür steht die Abkürzung NSDAP (Hitlers Partei)?Nationalsozialistische Deutsche Arbeiterpartei
64%
Welche politische Idelogie herrschte in der Sowjetunion?Kommunismus
63%
In welchem Jahr hat sich die Sowjetunion aufgelöst?1991
62%
Welcher Vulkan verschüttete im Jahr 79 n.Chr. die Stadt Pompeji?Vesuv
59%
Nenne ein Fürstentum in Europa.Liechtenstein
58%
Was ist die Hauptstadt von Rheinland-Pfalz?Mainz
57%
Gegen welches Volk, das damals auf dem Gebiet des heutigen Deutschlands lebte, kämpften die Römer?Germanen
56%
Wieviel Prozent der Erdoberfläche sind mit Wasser bedeckt?71
55%
Die BRD hat keine Verfassung. Was gibt es bei uns stattdessen?Grundgesetz
55%
In welchem Land entspringt der Rhein?Schweiz
55%
Welcher Rapper startete einen Goldraub?Xatar
32%
Wie hoch ist der Mount Everest (in Metern?)8848
30%
Aus welchem Land kommt der Dalai Lama?Tibet
28%
Welches Gebirge liegt westlich von Freiburg?Vogesen
10%
Von welchem Rapper ist die Titelmusik zur Serie "4 Blocks"?Gringo
7%
Wie alt ist unsere Erde in etwa? (eine Kommastelle)4,6 Milliarden
6%

Verteilung der Resultate

Perzentil nach korrekt beantworteten Fragen

Anzahl Personen mit jedem Resultat

Ihre Resultats-Entwicklung

Sie haben dieses Quiz seit der letzten Aktualisierung nicht gespielt